LEADER 01029nam0-22003371i-450- 001 990000781690403321 005 20160509101911.0 035 $a000078169 035 $aFED01000078169 035 $a(Aleph)000078169FED01 035 $a000078169 100 $a20020821d--------km-y0itay50------ba 101 0 $aita 105 $ay-------001yy 200 1 $aCENTRI storici e progettazione$fa cura di Adriana Giusti Baculo 210 $aNapoli$cCooperativa editrice di econom ia e e commercio$d1975 215 $a148 p., [16] p. di tav.$cill.$d24 cm 225 1 $aCollana dibattiti e inchieste 300 $aAtti di un seminario-dibattito 610 0 $aNAPOLI$acentro storico 610 0 $aNAPOLI$arisanamento 702 1$aBaculo,$bAdriana$f<1936- > 801 0$aIT$bUNINA$gRICA$2UNIMARC 901 $aBK 912 $a990000781690403321 952 $aDPR 39-218$b520$fDEC 952 $aSEZ.NA B 927$b3240/728$fFARBC 959 $aDEC 959 $aFARBC 996 $aCENTRI storici e progettazione$9315082 997 $aUNINA LEADER 01011nam a2200265 i 4500 001 991003432169707536 005 20020503192305.0 008 000505s1977 it ||| | ita 035 $ab10504898-39ule_inst 035 $aEXGIL120733$9ExL 040 $aBiblioteca Interfacoltà$bita 082 0 $a350 100 1 $aBennati, Antonio$07326 245 10$aManuale di contabilità di Stato :$bcon riferimenti all'ordinamento contabile delle regioni, delle province, dei comuni e degli altri enti pubblici /$cAntonio Bennati 250 $a8. ed 260 $aNapoli :$bJovene,$c1977 300 $aXXXVI, 793 p. ;$c24 cm 650 4$aContabilità di Stato 907 $a.b10504898$b02-04-14$c27-06-02 912 $a991003432169707536 945 $aLE002 343.034 BEN 945 $aLE002 Dir. I L 30$g1$i2002000470591$lle002$o-$pE0.00$q-$rl$s- $t0$u0$v0$w0$x0$y.i10582046$z27-06-02 996 $aManuale di contabilità di Stato$963525 997 $aUNISALENTO 998 $ale002$b01-01-00$cm$da $e-$fita$git $h0$i1 LEADER 03389nam 22006492 450 001 9910780277003321 005 20230817214358.0 010 $a1-107-11790-9 010 $a0-511-04860-2 010 $a0-521-02692-X 010 $a0-511-11793-0 010 $a0-511-15076-8 010 $a0-511-31031-5 010 $a0-511-49648-6 010 $a1-280-16205-8 035 $a(CKB)111082128282720 035 $a(EBL)144750 035 $a(OCoLC)437072987 035 $a(SSID)ssj0000115115 035 $a(PQKBManifestationID)11131716 035 $a(PQKBTitleCode)TC0000115115 035 $a(PQKBWorkID)10029469 035 $a(PQKB)10080455 035 $a(UkCbUP)CR9780511496486 035 $a(MiAaPQ)EBC144750 035 $a(Au-PeEL)EBL144750 035 $a(CaPaEBR)ebr10014990 035 $a(CaONFJC)MIL16205 035 $a(EXLCZ)99111082128282720 100 $a20090306d2000|||| uy 0 101 0 $aeng 135 $aur||||||||||| 181 $ctxt$2rdacontent 182 $cc$2rdamedia 183 $acr$2rdacarrier 200 10$aBrittany and the Angevins $eprovince and empire, 1158-1203 /$fJ.A. Everard 210 1$aCambridge :$cCambridge University Press,$d2000. 215 $a1 online resource (xiv, 242 pages) $cdigital, PDF file(s) 225 1 $aCambridge studies in medieval life and thought ;$v4th ser., 48 311 0 $a0-521-66071-8 311 0 $a0-511-00871-6 320 $aIncludes bibliographical references (p. 216-236) and index. 327 $g1.$tDucal Brittany, 1066-1166 --$g2.$tHenry II and Brittany --$g3.$tThe government of Brittany under Henry II --$g4.$tDuke Geoffrey and Brittany, 1166-1186 --$g5.$tDuke Geoffrey, Henry II and the Angevin empire --$g6.$tThe end of Angevin Brittany, 1186-1203 --$gApp. 1.$tThe 'Assize of Count Geoffrey' --$gApp. 2.$tThe hereditary seneschals of Rennes --$gApp. 3.$tAngevin officers in Brittany --$gApp. 4.$tThe right of wreck and ducal brefs de mer. 330 $aThe rule of the Angevins in Brittany is characterized usually as opening an isolated 'Celtic' society to a wider world and imposing new and alien institutions. This study of Brittany under the Angevins, first published in 2000, demonstrates that the opposite is true: that before the advent of Henry II in 1158, the Bretons were already active participants in Anglo-Norman and French society. Indeed those Bretons with landholdings in England, Normandy and Anjou were already accustomed to Angevin rule. The book examines in detail the means by which Henry II gained sovereignty over Brittany and how it was governed subsequently by the Angevin kings of England from 1158 to 1203. In particular, it examines the extent to which the Angevins ruled Brittany directly, or delegated authority either to native dukes or royal ministers and shows that in this respect the nature of Angevin rule changed and evolved over the period. 410 0$aCambridge studies in medieval life and thought ;$v4th ser., 48. 517 3 $aBrittany & the Angevins 607 $aBrittany (France)$xHistory 607 $aGreat Britain$xRelations$zFrance 607 $aFrance$xRelations$zGreat Britain 676 $a944/.1 700 $aEverard$b Judith$f1963-$01295331 801 0$bUkCbUP 801 1$bUkCbUP 906 $aBOOK 912 $a9910780277003321 996 $aBrittany and the Angevins$93731685 997 $aUNINA